000 00710nam a2200253 a 4500
003 AR-BaBNM
005 20251128202910.0
008 082120s2002 ||||||||||||||000 | spa||
040 _cAR-BaBNM
245 0 0 _aEl pensamiento de Belgrano
260 _aBuenos Aires
_bLautaro
_c1944
300 _a163 p.
_bil.
490 0 _aBiblioteca del pensamiento argentino
_vv. 7
500 _aSelección de escritos del general Belgrano
500 _aNotas de Celso Tíndaro
650 4 _aHISTORIA ARGENTINA
650 4 _aBIOGRAFIAS
650 4 _aGUERRAS DE LA INDEPENDENCIA
650 4 _aREVOLUCION DE MAYO
655 _aBIOGRAFIAS
700 1 _aTíndaro, Celso
_ecompilador
942 _cBK
998 _cEnrique
999 _c1104
_d1104